| 000 | 00956nam a22002417a 4500 | ||
|---|---|---|---|
| 999 |
_c65420 _d65420 |
||
| 005 | 20240530110823.0 | ||
| 008 | 190711s2019 ua a g 000 0 ara d | ||
| 017 |
_bمصر. دار الكتب _a2018/15178 |
||
| 020 | _a9789778123470 | ||
| 040 |
_aEG-CaGPL _cEG-CaGPL |
||
| 082 | 0 | 4 |
_221 _a953.079 / _bم ت |
| 100 | 0 | _aمحمد حسن الباشا | |
| 245 | 1 | 0 |
_aتحفة الزمان فى تاريخ بلوشستان / _cتأليف محمد حسن الباشا ؛ تقديم محمود احمد قمر |
| 250 | _aط.1 | ||
| 260 |
_aالقاهرة : _bالمكتب العربى للمعارف، _c2019 . |
||
| 300 |
_a366 ص. : _bايض. ؛ _c24 سم. |
||
| 504 | _aببليوجرافية : ص 325 - 366 | ||
| 651 | 0 | 7 |
_aبلوشستان _xتاريخ |
| 651 | 0 | 7 |
_aبلوشستان _xالاحوال الاجتماعية |
| 700 | 0 |
_aمحمود احمد قمر _eمقدم |
|
| 942 |
_2ddc _cBK |
||